| 000 | 00390nam a2200121Ia 4500 | ||
|---|---|---|---|
| 008 | 250110s9999 xx 000 0 und d | ||
| 041 | _aeng | ||
| 100 |
_aShukla Anika _9182646 |
||
| 245 | _aAagaz Residential Educational And Work Centre For Women And Orphans At Valjiri Village | ||
| 260 |
_bFinal Year B.Arch ID, Pune _c2014 |
||
| 300 | _a75p | ||
| 700 |
_aGuide Name:Murugkar Kavita _9210321 |
||
| 999 |
_c363513 _d363513 |
||